Visualizzazione normale
Vista MARC
- Ball Marty
di Personal Name
Records bibliografici associati: 1
001 - CONTROL NUMBER
- control field: 37306
003 - CONTROL NUMBER IDENTIFIER
- control field: IT-RoPau
005 - DATE AND TIME OF LATEST TRANSACTION
- control field: 20151125163705.0
008 - FIXED-LENGTH DATA ELEMENTS
- fixed length control field: 151125|| aca||aabn | a|a d
040 ## - CATALOGING SOURCE
- Original cataloging agency: IT-RoPau
- Transcribing agency: IT-RoPau
100 ## - HEADING--PERSONAL NAME
- Personal name: Ball Marty
- Relator term: (musica)
- Miscellaneous information: Codice Musica SPICS: 60181
670 ## - SOURCE DATA FOUND
- Source citation: Work cat.: (IT-RoPau)104722: Kantor Frantz Codice regista SPICS: 60178 37303, TORRE DI BABELE E IL VIAGGIO DI ABRAMO (IL) - SODOMA E GOMORRA TORRE DI BABELE E IL VIAGGIO DI ABRAMO (IL) - SODOMA E GOMORRA (Rif. Codice opera principale : K0456)